000 00512nam a2200169 4500
003 OSt
005 20221116171321.0
008 221111b |||||||| |||| 00| 0 eng d
040 _cBiblioteca Lado V
082 _a730.92
_bI59j
110 _9450
_aINBio | Instituto Nacional de Biodiversidad
_eautor
245 _aJose Sancho en el INBioparque/
260 _c2002
_aCosta Rica
_bINBioparque
300 _a75p.
_c23x27cm
700 _aSalas, Carlos
_eautor
942 _2ddc
_c1
_h730.92
_iI59j
_n0
999 _c2668
_d2668